000 00598nam a2200241Ia 4500
003 OSt
005 20220924121852.0
006 a|||||r|||| 00| 0
007 ta
008 220923b |||||||| |||| 00| 0 ben d
024 _a268238
037 _cTextual
040 _aARTS
_cARTS
_bben
041 _2ben
_aben
082 _aO157,1LGU,1, K2
100 _aGupta Bijay
_9187562
245 0 _aPadmapuran
260 _aKolkata
_c1962
300 _a557p.
_ccm.
650 _aBENGALI LITERATURE
942 _hO157,1LGU,1, K2
_cTEXL
_2CC
999 _c409360
_d409360